000 00750nam a2200229 a 4500
001 000012342
005 20240412074231.0
008 091111s1983 dr 000 0 spa d
040 _aDO-SdBNP
_bspa
_cBNPHU
082 _aRD863.44
_bG216f
100 1 _aGarcía Romero, Rafael
_d1957-
_91671
245 1 0 _aFisión /
_cRafael García Romero.
260 _aSanto Domingo :
_bUrgentes,
_c1983.
300 _a50 p. ;
_c21 cm.
590 _aLa biblioteca posee 1 copia autografíada por el autor.
590 _aInventariado, 2020/BT
500 _aIncluye datos biográficos del autor en la contracubierta
650 0 _aCuentos dominicanos
_9176
650 0 _aLiteratura dominicana.
_967
910 _aValidado. Control de calidad MFF
049 _aBNPD
999 _c11999
_d11999